Dancing Queen - ABBA Lyrics (Mamma Mia Movie) - Statistics

General Stats
  • This quiz has been taken 258 times
  • The average score is 198 of 237
Answer Stats
Hint Answer % Correct
You
100%
you
100%
a
98%
oh
98%
can
97%
the
97%
dance,
95%
dance
95%
Dancing
95%
Queen
95%
Queen,
95%
your
95%
and
94%
And
94%
uh-uh-uh
94%
Chorus Uh-uh-uh-uh
94%
of
93%
time
93%
life
92%
Having
91%
that
91%
young
90%
Young
90%
are
89%
on
89%
See
89%
girl
88%
only
87%
seventeen
87%
be
86%
Watch
86%
jive
84%
oh
84%
sweet
84%
night
82%
Night
82%
for
81%
scene
81%
feel
80%
go
80%
music
80%
to
80%
beat
78%
in
78%
look
77%
when
77%
Diggin'
76%
lights
76%
get
75%
is
75%
yeah
75%
chance
74%
low
74%
place
74%
Verse Friday
72%
from
72%
Looking
72%
You're
72%
you're
72%
out
71%
mood
68%
tambourine
68%
guy
66%
high
65%
could
64%
right
63%
Verse Anybody
59%
music's
59%
play
57%
they
56%
Where
56%
do
54%
another
46%
Anyone
46%
then
46%
Everything
45%
fine
44%
king
44%
'em
42%
Getting
42%
swing
42%
bit
41%
come
41%
gone
41%
turn
41%
will
41%
rock
40%
With
34%
teaser
31%
Leave
29%
burning
26%
No matching quizzes found
Score Distribution
Percent of People with Each Score
Percentile by Number Answered
Your Score History
You have not taken this quiz